Familial care of preegnant sows in mongkpl borei district banteay meanchey province, (ការថែទំាមេជ្រូកផើមជាលក្ខណះគ្រួសារក្នុងស្រុកមង្គលបូរី ខេត្តបន្ទាយមានជ័យ) (Record no. 1657)

000 -LEADER
fixed length control field 00659nam a22001577a 4500
003 - CONTROL NUMBER IDENTIFIER
control field OSt
005 - DATE AND TIME OF LATEST TRANSACTION
control field 20151002140355.0
008 - FIXED-LENGTH DATA ELEMENTS--GENERAL INFORMATION
fixed length control field 151002b xxu||||| |||| 00| 0 eng d
040 ## - CATALOGING SOURCE
Transcribing agency RUA
082 ## - DEWEY DECIMAL CLASSIFICATION NUMBER
Classification number AVM HIN 1995 B069 Or.1
100 ## - MAIN ENTRY--PERSONAL NAME
9 (RLIN) 1755
Personal name HING SOKUNTHY
245 ## - TITLE STATEMENT
Title Familial care of preegnant sows in mongkpl borei district banteay meanchey province, (ការថែទំាមេជ្រូកផើមជាលក្ខណះគ្រួសារក្នុងស្រុកមង្គលបូរី ខេត្តបន្ទាយមានជ័យ)
260 ## - PUBLICATION, DISTRIBUTION, ETC. (IMPRINT)
Place of publication, distribution, etc. phnom penh
Name of publisher, distributor, etc. RUA
Date of publication, distribution, etc. 1995
300 ## - PHYSICAL DESCRIPTION
Extent 73p.
Other physical details ill.
Dimensions 29cm.
942 ## - ADDED ENTRY ELEMENTS (KOHA)
Source of classification or shelving scheme
Koha item type AVM
Holdings
Price effective from Date last seen Permanent Location Not for loan Date acquired Source of classification or shelving scheme Koha item type Barcode Lost status Damaged status Shelving location Withdrawn status Current Location Full call number
2015-10-022015-10-02Library Block B 2015-10-02 AVMRUA007150  B069 Library Block BAVM HIN 1995 B069 Or.1
មជ្ឈមណ្ឌលឯការនៃសាកលវិទ្យាល័យភូមិន្ទកសិកម្មចំការដូង

Powered by Koha